[Event "Club Championship 2022 A"]
[Site "Wellington Chess Club"]
[Date "2022.09.29"]
[Round "1.1"]
[White "Pomeroy, Arthur"]
[Black "Tanoi, T Edward"]
[Result "1-0"]
[WhiteElo "2022"]
[BlackElo "1984"]

1. e4 c5 2. Nf3 Nc6 3. d4 cxd4 4. Nxd4 e5 5. Nb5 d6 6. N1c3 a6 7. Na3 Be7 8.
Nc4 b5 9. Ne3 Nf6 10. g3 h5 11. h3 h4 12. g4 Nd4 13. Bg2 Be6 14. Ncd5 Nxd5 15.
exd5 Bd7 16. c3 Qb6 17. cxd4 exd4 18. Nc2 Bf6 19. O-O O-O 20. Nb4 g6 21. Nc6
Bxc6 22. dxc6 Rac8 23. a4 Qc5 24. axb5 axb5 25. Qf3 Bg7 26. Bf4 Be5 27. Rfc1
Qb4 28. Bh6 Bg7 29. Bxg7 Kxg7 30. Qa3 Qd2 31. Rd1 Qe2 32. Bf3 Qe5 33. Qd3 Kh7
34. Qxd4 Qe6 35. Re1 Qb3 36. Ra3 Qc2 37. Be4 Qc4 38. Qxc4 bxc4 39. Bd5 Rc7 40.
Rc3 Rb8 41. Rxc4 Rxb2 42. Rce4 Rd2 43. Bb3 Rxc6 44. Re7 Kh6 45. Rxf7 Rc3 46.
Be6 Rcc2 47. Bd7 Rc3 48. Rf6 Kg5 49. Rf7 Rd4 50. Kg2 Rd2 51. Rf8 Kh6 52. Rf3
Rc7 53. Bb5 Rb7 54. Be8 Kg5 55. Re6 Rg7 56. Ra3 Rg8 57. Ra5+ Kh6 58. g5+ Kh5
59. Re7 d5 60. Bf7 Rf8 61. Ra6 Kxg5 62. Rxg6+ Kf5 63. Rd6 d4 64. Bg6+ Kg5 65.
Re5+ Kf4 66. Re4+ Kg5 67. Rg4+ Kh6 68. Be4+ Kh5 69. Rd5+ Kh6 70. Rg6+ Kh7 71.
Rg4+ Kh6 72. Rd6+ Kh5 73. Rd5+ Kh6 74. Rxh4+ Kg7 75. Rg4+ Kf7 76. Rf5+ Ke7 77.
Rg7+ Ke8 78. Bc6+ 1-0

[Event "Club Championship 2022 A"]
[Site "Wellington Chess Club"]
[Date "2022.09.29"]
[Round "1.2"]
[White "Croad, Nic"]
[Black "Dive, Russell"]
[Result "1/2-1/2"]
[WhiteElo "2439"]
[BlackElo "2384"]

1. e4 c6 2. d4 d5 3. exd5 cxd5 4. Nf3 Nf6 5. Bf4 Nc6 6. Bb5 a6 7. Bxc6+ bxc6 8.
O-O Qb6 9. Nc3 Bg4 10. Na4 Qa7 11. c3 e6 12. h3 Bxf3 13. Qxf3 Be7 14. Be5 O-O
15. Qg3 Nh5 16. Qe3 Rfe8 17. Rad1 Nf6 18. Rd3 Nd7 19. Re1 Bf8 20. Qg3 Nxe5 21.
dxe5 Rab8 22. b3 c5 23. Qg4 a5 24. c4 dxc4 25. Qxc4 Rb4 26. Qc2 Rd4 27. Nb2
Red8 28. Red1 Qb7 29. Rxd4 cxd4 30. Qd3 Qd5 31. Nc4 Bb4 32. Rc1 g6 33. Rc2 Kg7
34. Re2 a4 35. Re4 axb3 36. axb3 h5 37. Kh2 Bc3 38. g4 hxg4 39. Rxg4 Ra8 40.
Rf4 Ra1 41. Qf3 Qxf3 42. Rxf3 Re1 43. Kg2 g5 44. Nd6 Rxe5 45. Rxf7+ Kg6 46. Rf3
Rd5 47. Ne4 Bb4 48. Rd3 Rd8 49. Kf3 Rf8+ 50. Ke2 e5 51. Rg3 Be7 52. h4 Rf4 53.
Nxg5 Kf5 54. Nf3 Bxh4 55. Nxh4+ Rxh4 56. b4 Rh8 57. Kd3 Rc8 58. Rf3+ Ke6 59.
Ke4 Rc1 60. Rb3 Re1+ 61. Kd3 Kd5 62. b5 e4+ 63. Kd2 Rf1 64. Ke2 Ra1 65. b6 d3+
66. Ke3 Ra8 67. b7 Rb8 68. Rb4 Kc5 69. Rxe4 Rxb7 70. Rd4 Re7+ 71. Kxd3 Re1 72.
Re4 Ra1 73. Re8 Kd5 74. Ke2 Ra3 75. f3 Kd6 76. Kf2 Kd7 77. Re4 Ra8 78. Ke3 Kd6
79. f4 Ra3+ 80. Kf2 Kd5 81. Re5+ Kd6 82. Kg2 Rb3 83. Ra5 Ke6 1/2-1/2

[Event "Club Championship 2022 A"]
[Site "Wellington Chess Club"]
[Date "2022.09.29"]
[Round "1.3"]
[White "Winter, Ryan"]
[Black "Van der Hoorn, Thomas"]
[Result "0-1"]
[WhiteElo "2195"]
[BlackElo "2056"]

1. e4 c6 2. d4 d5 3. e5 Bf5 4. h4 h5 5. Bd3 Bxd3 6. Qxd3 e6 7. Bg5 Qb6 8. Nd2
c5 9. c4 Qxb2 10. Rd1 Nc6 11. cxd5 Nxd4 12. dxe6 Nxe6 13. Nc4 Qb4+ 14. Kf1 Qa4
15. Ne2 Nxg5 16. hxg5 (16. Nc3 $1 Qc6 17. Na5 c4 18. Qc2 Qc7 19. Qa4+) 16...
Be7 17. g6 Rd8 18. gxf7+ Kxf7 19. Nd6+ Bxd6 20. Qd5+ Kf8 21. exd6 Nf6 22. Qd2
Kf7 23. f3 Rhe8 24. Nf4 Qb4 25. Qc1 b5 26. d7 Rxd7 27. Rxd7+ Nxd7 28. Rxh5 Re5
29. Rxe5 Nxe5 30. Qe3 Qd4 31. Qxd4 cxd4 32. Ke2 Ke7 33. Nd3 Kd6 34. f4 Nxd3 35.
Kxd3 Kd5 36. g3 a5 37. g4 b4 38. f5 a4 39. g5 b3 40. g6 bxa2 0-1

[Event "Club Championship 2022 A"]
[Site "Wellington Chess Club"]
[Date "2022.09.29"]
[Round "1.4"]
[White "Archer, Ollie"]
[Black "Cilia Vincenti, David"]
[Result "0-1"]
[WhiteElo "2184"]
[BlackElo "2125"]

1. d4 d5 2. c4 e6 3. Nf3 a6 4. cxd5 exd5 5. Nc3 c6 6. Bf4 Bd6 7. Bg3 Bxg3 8.
hxg3 Nf6 9. e3 O-O 10. Qc2 g6 11. Bd3 Nbd7 12. O-O Re8 13. b4 b5 14. a4 Nb6 15.
Ne5 Qd6 16. Rfb1 Bd7 17. Nf3 Nc4 18. Nd2 Kg7 19. e4 dxe4 20. Bxc4 bxc4 21.
Ndxe4 Nxe4 22. Nxe4 Qxd4 23. Nc5 Bf5 24. Qd1 Rad8 25. Qxd4+ Rxd4 26. Rd1 Rxd1+
27. Rxd1 c3 28. g4 c2 29. Rf1 Bxg4 30. f3 Bf5 31. g4 Bc8 32. Kf2 Rd8 33. Ke3
Rd1 0-1

[Event "Club Championship 2022 A"]
[Site "Wellington Chess Club"]
[Date "2022.09.29"]
[Round "1.5"]
[White "Ker, Anthony"]
[Black "Forster, Bill"]
[Result "1-0"]
[WhiteElo "2428"]
[BlackElo "2035"]

1. e4 e6 2. d4 d5 3. Nc3 Bb4 4. e5 c5 5. Bd2 Nc6 6. Nb5 Bxd2+ 7. Qxd2 Nxd4 8.
Nxd4 cxd4 9. f4 Ne7 10. Nf3 Nc6 11. O-O-O Qa5 12. Qxa5 Nxa5 13. Nxd4 a6 14. Bd3
Nc6 15. Nf3 Bd7 16. c3 f5 17. exf6 gxf6 18. Bc2 O-O 19. f5 Ne5 20. Nd4 exf5 21.
Nxf5 Bc6 22. Bb3 Rad8 23. Rd4 Kf7 24. Rhd1 b5 25. Ne3 Ke7 26. Bxd5 Bxd5 27.
Nxd5+ Kf7 28. Nc7 Rxd4 29. Rxd4 Rg8 30. Rd2 b4 31. Nxa6 bxc3 32. bxc3 Ra8 33.
Nb4 Ra3 34. Kc2 Ng4 35. h3 Ne5 36. Rd4 Ke6 37. Kb2 Ra8 38. Kb3 Rg8 39. Rd2 Rc8
40. Rd4 Rg8 41. g4 h5 42. gxh5 Rh8 43. Nd5 Nf3 44. Nf4+ Kf5 45. Rb4 Nd2+ 46.
Kc2 Ne4 47. Nd5 Ng3 48. Ne7+ Kg5 49. Rg4+ Kxh5 50. Rxg3 Re8 51. Rg7 1-0

[Event "Club Championship 2022 B"]
[Site "Wellington Chess Club"]
[Date "2022.09.29"]
[Round "1.1"]
[White "Aldridge, Alan"]
[Black "Perrin, Brent"]
[Result "1/2-1/2"]
[WhiteElo "1806"]
[BlackElo "1963"]

1. d4 g6 2. e4 Bg7 3. Nf3 d6 4. Bc4 Nf6 5. Nc3 a6 6. a4 O-O 7. Qe2 c6 8. Bg5
Qc7 9. O-O e5 10. dxe5 dxe5 11. h3 Nbd7 12. Be3 Nh5 13. g3 Nb6 14. Kg2 Nxc4 15.
Qxc4 Be6 16. Qb4 Rfe8 17. Rad1 a5 18. Qa3 b6 19. b3 Nf6 20. Qc1 Bf8 21. Bg5 Nd7
22. Bh6 Bb4 23. Qe3 Nf6 24. Rd3 Nh5 25. Rfd1 f6 26. Qe2 Rad8 27. Bc1 Qc8 28.
Rh1 Rxd3 29. Qxd3 Rd8 30. Qe3 Qc7 31. Na2 Bf8 32. Qe2 Ng7 33. Be3 f5 34. Qa6
fxe4 35. Ng5 c5 36. Nxe6 Nxe6 37. Qc4 Qc6 38. Nc3 Kg7 39. Qxe4 Qxe4+ 40. Nxe4
Nd4 41. Bxd4 exd4 42. Rd1 Be7 43. f3 Kf7 44. h4 Bf6 45. Kf2 Ke6 46. Ke2 h5
1/2-1/2

[Event "Club Championship 2022 B"]
[Site "Wellington Chess Club"]
[Date "2022.09.29"]
[Round "1.2"]
[White "Young, Cohen"]
[Black "Rossiter, Philip"]
[Result "1-0"]
[WhiteElo "1931"]
[BlackElo "1839"]

1. e4 e6 2. Nc3 c5 3. Nf3 a6 4. d4 cxd4 5. Nxd4 Qc7 6. Bd3 Nf6 7. O-O d6 8. Be3
Bd7 9. f3 Be7 10. Qe1 Nc6 11. Nce2 O-O 12. c4 Ne5 13. Qc3 Rac8 14. Rac1 Qb8 15.
Qd2 Rfd8 16. h3 Be8 17. f4 Nxd3 18. Qxd3 d5 19. cxd5 exd5 20. e5 Ne4 21. Nf3
Bb5 22. Rxc8 Qxc8 23. Qd1 Bxe2 24. Qxe2 Ng3 25. Qd3 Nxf1 26. Qxf1 Qc4 27. Qb1
Bc5 28. Bxc5 Qxc5+ 29. Kh2 g6 30. f5 Qe3 31. Kg3 g5 32. f6 Qf4+ 33. Kf2 Qe4 34.
Qc1 Qf5 35. g4 Qf4 36. Qc7 Rf8 37. Qxb7 Qe4 38. Qxa6 Qc2+ 39. Qe2 Qc5+ 40. Qe3
Qc2+ 41. Kg3 h6 42. h4 Qe4 43. Qxe4 dxe4 44. Nd2 e3 45. Nc4 gxh4+ 46. Kf3 Ra8
47. a3 Rb8 48. Kxe3 Rb3+ 49. Kf2 Kf8 50. Kg2 Rg3+ 51. Kh2 Rxg4 52. b3 Rd4 53.
a4 h3 54. a5 Ke8 55. a6 Rd7 56. b4 Rc7 57. b5 1-0

[Event "Club Championship 2022 B"]
[Site "Wellington Chess Club"]
[Date "2022.09.29"]
[Round "1.3"]
[White "Ackroyd, William"]
[Black "Jackson, Ross"]
[Result "0-1"]
[WhiteElo "1866"]
[BlackElo "1904"]

1. e4 c5 2. Nf3 e6 3. d4 cxd4 4. Nxd4 Nf6 5. Nc3 d6 6. g4 a6 7. h3 Nc6 8. Bg2
Qc7 9. O-O Rb8 10. g5 Nd7 11. Kh1 Nxd4 12. Qxd4 Qc5 13. Be3 Qxd4 14. Bxd4 b6
15. a4 h6 16. gxh6 Rxh6 17. Be3 Rh5 18. Rad1 g5 19. Kh2 g4 20. Kg3 gxh3 21.
Bxh3 Ne5 22. f4 Nc4 23. Bc1 Bg7 24. Bg4 Rh8 25. Be2 d5 26. exd5 exd5 27. Rxd5
Rh3+ 28. Kf2 Bxc3 29. Bxc4 Bf6 30. Re1+ Kf8 31. Re2 Bb7 32. Rf5 Bh4+ 0-1

[Event "Club Championship 2022 B"]
[Site "Wellington Chess Club"]
[Date "2022.09.29"]
[Round "1.4"]
[White "Malcolm, Leo"]
[Black "Winsley, Nicholas"]
[Result "0-1"]
[WhiteElo "1871"]
[BlackElo "1943"]

1. e4 c5 2. b4 cxb4 3. a3 e5 4. axb4 Bxb4 5. c3 Bc5 6. Bc4 Qb6 7. d4 Bd6 8. Qh5
g6 9. Qf3 f6 10. Bxg8 Rxg8 11. Qxf6 Rf8 12. Qg7 Nc6 13. Qxh7 Nxd4 14. cxd4 Qxd4
15. Qxg6+ Kd8 16. Ra4 Qxf2+ 17. Kd1 Qf1+ 18. Kc2 Be7 19. Nf3 Qxh1 20. Nxe5 Qf1
21. Nc3 b5 22. Rd4 Rf2+ 23. Kb1 Rxg2 24. Nc6+ Kc7 25. Nd5+ Kb7 26. Na5+ Kb8 27.
Qh6 Ba3 28. Qf4+ Qxf4 29. Nxf4 Rg1 30. Nb3 Kc7 31. h4 Bb7 32. Kc2 Bxc1 33. Nxc1
Kd8 34. Ne6+ Ke7 35. Nc5 Bc6 36. N1d3 d6 37. Na6 Rg4 38. Nab4 Rc8 39. Kd2 Rxh4
40. Nf2 a5 41. Nbd3 b4 42. Rc4 Bb7 43. Rd4 b3 44. Ke3 Rc2 45. Nf4 Rxf4 46. Kxf4
Rxf2+ 0-1

[Event "Club Championship 2022 B"]
[Site "Wellington Chess Club"]
[Date "2022.09.29"]
[Round "1.5"]
[White "Benitez, Edgar"]
[Black "Chen, Wei Kai"]
[Result "1-0"]
[WhiteElo "1952"]
[BlackElo "1966"]

1. d4 f5 2. e4 fxe4 3. Nc3 Nf6 4. Bg5 d6 5. Bxf6 exf6 6. Bc4 Bf5 7. Nge2 c6 8.
d5 Qb6 9. O-O Na6 10. Ng3 Bg6 11. Ngxe4 O-O-O 12. Re1 Nc5 13. Rb1 Bf7 14. b4
Nd7 15. b5 c5 16. a4 Ne5 17. Bf1 Qa5 18. f4 Nd7 19. Qf3 Nb6 20. Nd2 Nxa4 21.
Nxa4 Qxa4 22. Nb3 g5 23. Re4 Qa2 24. Ra1 Qxc2 25. Rea4 Qf5 26. Bc4 Qxf4 27.
Qxf4 gxf4 28. Rxa7 Kc7 29. Na5 Rb8 30. Nc6 Bh6 31. Nxb8 Rxb8 32. Ra8 Rxa8 33.
Rxa8 Bg6 34. Kf1 Be4 35. Re8 Bg6 36. Ra8 Be4 37. h4 f3 38. gxf3 Bxf3 39. Re8
Kd7 40. Ra8 Kc7 41. Kf2 Bh5 42. Rh8 Bg6 43. h5 Be4 44. Ke2 Bg5 45. Bd3 Bxd3+
46. Kxd3 h6 47. Rg8 Kb6 48. Kc4 Kc7 49. Rg7+ Kb6 50. Rf7 Bh4 51. Rd7 Bg3 52.
Rh7 Bf4 53. Rd7 Be5 54. Rf7 Bd4 55. Rf8 Be5 56. Rg8 Bf4 57. Rg6 Bg5 58. Rg8 Bf4
59. Rg1 Bg5 60. Rf1 Ka5 61. Re1 Bf4 62. Re4 Be5 63. Rg4 f5 64. Rg6 f4 65. Rxh6
f3 66. Rh7 f2 67. Rf7 Bd4 68. h6 1-0

[Event "Club Championship 2022 Swiss"]
[Site "Wellington Chess Club"]
[Date "2022.09.29"]
[Round "1.1"]
[White "Sole, Michael"]
[Black "Mangera, Mohammad"]
[Result "1-0"]
[WhiteElo "2149"]
[BlackElo "1510"]

1. d4 Nf6 2. Bf4 d5 3. e3 Bf5 4. c4 e6 5. Qb3 b6 6. Nc3 Be7 7. cxd5 Nxd5 8. Bg3
Bg6 9. Rc1 Bb4 10. Nf3 O-O 11. Be2 Nxc3 12. bxc3 Bd6 13. Ne5 Bxe5 14. Bxe5 Nc6
15. Bg3 Qe7 16. Bf3 Na5 17. Qb4 Qd7 18. Bxa8 Rxa8 19. c4 Nc6 20. Qb5 a6 21. Qa4
f6 22. d5 exd5 23. cxd5 Qxd5 24. Qxc6 Qxc6 25. Rxc6 Be4 26. Rxc7 Bxg2 27. Rg1
Bf3 28. Bh4 g5 29. Kd2 Rd8+ 30. Kc3 Bd5 31. Bg3 Bxa2 32. Ra1 Bd5 33. Rd1 f5 34.
f3 a5 35. e4 fxe4 36. fxe4 a4 37. Rxd5 Re8 38. Rxg5+ Kf8 39. Bd6+ Re7 40. Rxe7
h6 41. Rh7+ Ke8 42. Rg8# 1-0

[Event "Club Championship 2022 Swiss"]
[Site "Wellington Chess Club"]
[Date "2022.09.29"]
[Round "1.3"]
[White "Hall, Nathan"]
[Black "Hampshire, Thomas"]
[Result "1/2-1/2"]
[WhiteElo "1950"]
[BlackElo "1500"]

1. d4 Nf6 2. Bf4 c5 3. e3 Qb6 4. Nc3 e6 5. Nb5 Nd5 6. Bg3 a6 7. Nc3 Nxc3 8.
bxc3 cxd4 9. exd4 Bd6 10. Bd3 Bxg3 11. hxg3 Qc7 12. c4 Qa5+ 13. Kf1 g6 14. Qg4
Nc6 15. d5 Qc3 16. Re1 Ne5 17. Qe4 Nxd3 18. cxd3 O-O 19. d6 Rb8 20. Nf3 f6 21.
Qd4 Qxd4 22. Nxd4 b5 23. c5 Bb7 24. Nc2 a5 25. Ne3 b4 26. Ke2 Bc6 27. Rb1 Rb5
28. Rhc1 Rfb8 29. Kd2 Kf7 30. d4 a4 31. f3 b3 32. axb3 axb3 33. Kc3 e5 34. Rb2
exd4+ 35. Kxd4 Ra5 36. Rc3 Ra2 37. Rbxb3 Rxb3 38. Rxb3 Ra4+ 39. Kc3 h5 40. Nc2
Ke6 41. Rb4 Kd5 42. Kb3 Ra5 43. Rf4 Rxc5 44. Rxf6 Ba4+ 45. Kxa4 Rxc2 46. Rxg6
Rxg2 47. g4 hxg4 48. fxg4 Kc4 49. Ka5 Kc5 50. Ka6 Kc6 51. Ka5 1/2-1/2

[Event "Club Championship 2022 Swiss"]
[Site "Wellington Chess Club"]
[Date "2022.09.29"]
[Round "1.4"]
[White "Katkodia, Ali"]
[Black "Lyall, Gordon"]
[Result "0-1"]
[WhiteElo "1500"]
[BlackElo "1940"]

1. e4 d6 2. d4 Nf6 3. Nc3 g6 4. Bg5 Bg7 5. Qd2 c6 6. Nge2 b5 7. Nf4 b4 8. Nce2
Nxe4 9. Bxe7 Qxe7 10. Qxb4 O-O 11. f3 Qh4+ 12. g3 Nxg3 13. Ng2 Qf6 14. hxg3
Qxf3 15. O-O-O c5 16. dxc5 Na6 17. Qh4 h5 18. cxd6 Bg4 19. Ne1 Qe3+ 20. Kb1
Bxe2 21. Ng2 Qb6 22. Kc1 Qxb2+ 23. Kd2 Bxd1 24. Kxd1 Nb4 25. Ne3 Qd4+ 26. Qxd4
Bxd4 27. Kd2 Bxe3+ 28. Kxe3 Nxc2+ 29. Ke4 Rfe8+ 30. Kd5 Ne3+ 31. Kc6 Rac8+ 32.
Kb7 Nxf1 33. d7 Rb8+ 34. Kc7 Nxg3 35. Rb1 Rbd8 36. a4 Rf8 37. Rb4 f5 38. Rc4
Ne4 39. Rc6 Kf7 40. a5 Ke7 41. Rxg6 Rxd7+ 42. Kc6 Rf6+ 43. Rxf6 Nxf6 44. Kb5 f4
45. Ka6 f3 46. Kb5 f2 47. Ka6 f1=Q# 0-1

[Event "Club Championship 2022 Swiss"]
[Site "Wellington Chess Club"]
[Date "2022.09.29"]
[Round "1.5"]
[White "Ashe, Michael"]
[Black "Keith, Matthew"]
[Result "1-0"]
[WhiteElo "1680"]
[BlackElo "1500"]

1. d4 Nf6 2. c4 c5 3. d5 b5 4. cxb5 a6 5. e3 g6 6. Nc3 Bg7 7. Nf3 Qa5 8. Bd2
Qb6 9. a4 Bb7 10. e4 d6 11. Be2 Nbd7 12. O-O O-O 13. Be3 axb5 14. Bxb5 Rfb8 15.
b4 Qc7 16. bxc5 Nxc5 17. Rc1 Qa5 18. Bxc5 dxc5 19. Nd2 Ba6 20. Nc4 Qc7 21. f3
Nd7 22. Kh1 Bxc3 23. Bxa6 Bd4 24. Bb5 Ne5 25. Nxe5 Bxe5 26. g3 Bd4 27. Qxd4
Qxg3 28. hxg3 cxd4 29. Rfd1 e5 30. dxe6 fxe6 31. Rxd4 Rd8 32. Rd7 Rf8 33. Kg2
Rac8 34. Rcc7 Rxc7 35. Rxc7 Rf6 36. a5 e5 37. a6 1-0

[Event "Club Championship 2022 Swiss"]
[Site "Wellington Chess Club"]
[Date "2022.09.29"]
[Round "1.6"]
[White "Saglam, Yigit"]
[Black "Enegbuma, Wallace"]
[Result "1/2-1/2"]
[WhiteElo "1500"]
[BlackElo "1841"]

1. c4 c6 2. Nc3 Nf6 3. e4 d6 4. g3 g6 5. Bg2 Bg7 6. Nge2 Nbd7 7. O-O O-O 8. d3
Qc7 9. h3 b6 10. b4 Bb7 11. b5 c5 12. Bb2 Rad8 13. a4 e6 14. f4 Nb8 15. Qb3 Rd7
16. Nd1 Rfd8 17. Ne3 d5 18. cxd5 exd5 19. e5 Ne8 20. Rac1 d4 21. Ng4 Bxg2 22.
Kxg2 Qb7+ 23. Kh2 Rd5 24. Rce1 Qd7 25. Nf2 Qe6 26. Qc4 Nd7 27. Ne4 Nf8 28. Ng1
Nc7 29. Nf3 h6 30. Bc1 h5 31. Bd2 Qe7 32. Nd6 Nfe6 33. Ne4 Rf8 34. g4 hxg4 35.
hxg4 f5 36. exf6 Bxf6 37. Nxf6+ Rxf6 38. Ne5 Qh7+ 39. Kg3 Kf8 40. Rh1 Qg7 41.
g5 Rf5 42. Rh8+ Ke7 43. Nc6+ Kd6 44. Rh6 Qf7 45. Ne5 Rdxe5 46. Rxe5 Rxe5 (46...
Rxf4 $1 47. Rh7 (47. Rxe6+ Nxe6 48. Bxf4+ Qxf4+ 49. Kh3 Qf3+ $1 50. Kh4 Nf4 $1)
47... Qxh7 48. Bxf4 Nxf4 49. Kxf4 Qh4+ 50. Kf3 Kxe5 $19) 47. fxe5+ Kxe5 48. Qc1
Qf5 49. Qe1+ Kd6 50. Qe4 Nd5 51. Qxf5 gxf5 52. Kf3 Ke5 53. Rh7 f4 54. Rxa7
Nxg5+ 55. Ke2 Ne6 56. a5 bxa5 57. Rxa5 Kd6 58. Ra1 Nc3+ 59. Bxc3 dxc3 60. Kf3
Nd4+ 61. Kxf4 Nxb5 $2 (61... c2 $1) 62. Rc1 Kd5 63. Ke3 Ke5 1/2-1/2

[Event "Club Championship 2022 Swiss"]
[Site "Wellington Chess Club"]
[Date "2022.09.29"]
[Round "1.7"]
[White "Malcolm, Aidan"]
[Black "Saglam, Azra"]
[Result "1-0"]
[WhiteElo "1780"]
[BlackElo "1500"]

1. d4 g6 2. e4 Bg7 3. Nc3 d6 4. Bc4 e5 5. dxe5 Bxe5 6. Bd2 Nc6 7. f4 Bg7 8. Nf3
Bg4 9. h3 Bxf3 10. Qxf3 Nge7 11. O-O-O Qd7 12. Rhe1 f5 13. exf5 Qxf5 14. Kb1
O-O-O 15. Be6+ Qxe6 16. Rxe6 Nd4 17. Qe3 Nxe6 18. Qxe6+ Rd7 19. Nd5 Nxd5 20.
Qxd5 Re8 21. Ba5 c6 22. Qc4 b6 23. Qxc6+ Kd8 24. Qa8+ Ke7 25. Re1+ 1-0

[Event "Club Championship 2022 Swiss"]
[Site "Wellington Chess Club"]
[Date "2022.09.29"]
[Round "1.8"]
[White "Ulm, Joy"]
[Black "Webster, Jamie"]
[Result "0-1"]
[WhiteElo "1500"]
[BlackElo "1702"]

1. d4 d5 2. c4 c6 3. cxd5 cxd5 4. Bf4 Nc6 5. Nc3 Nf6 6. e3 a6 7. a4 Bf5 8. Bd3
Bxd3 9. Qxd3 e6 10. Nf3 Bb4 11. O-O O-O 12. Ne5 Rc8 13. Rac1 Na5 14. Ne2 Nd7
15. Rxc8 Qxc8 16. Rc1 Nxe5 17. Bxe5 Nc6 18. Bf4 Qd7 19. h3 Rc8 20. Qb3 Bf8 21.
Qd3 Nb4 22. Qb3 Rxc1+ 23. Nxc1 Qc6 24. Na2 Nxa2 25. Qxa2 Qc1+ 26. Kh2 Qc4 27.
Qxc4 dxc4 28. Kg1 Bb4 29. e4 b5 30. axb5 axb5 31. Kf1 f5 32. exf5 exf5 33. Ke2
Kf7 34. Bd2 Bxd2 35. Kxd2 b4 36. d5 Ke7 37. Ke3 Kd6 38. Kd4 c3 39. bxc3 b3 40.
Kd3 Kxd5 41. c4+ Kc5 42. Kc3 b2 43. Kxb2 Kxc4 44. Kc2 g5 45. g4 f4 46. Kd2 Kd4
47. Ke2 Kc3 48. Kd1 Kd3 49. Ke1 f3 50. Kd1 h6 51. Ke1 Kc2 52. Kf1 Kd2 53. Kg1
Ke2 54. h4 gxh4 55. Kh2 Kxf2 56. Kh3 Ke2 57. Kxh4 f2 58. Kh5 f1=Q 59. Kxh6 Qf6+
60. Kh5 Qg7 0-1

[Event "Club Championship 2022 Swiss"]
[Site "Wellington Chess Club"]
[Date "2022.09.29"]
[Round "1.9"]
[White "Marney, John"]
[Black "Wang, Justin"]
[Result "1-0"]
[WhiteElo "1692"]
[BlackElo "1500"]

1. e4 c5 2. Nf3 d6 3. d4 cxd4 4. Nxd4 g6 5. Nc3 Nf6 6. Be3 Bg7 7. f3 Bd7 8. Qd2
h6 9. O-O-O O-O 10. Bxh6 Bxh6 11. Qxh6 Nc6 12. Nxc6 Bxc6 13. Bc4 e6 14. g4 d5
15. h4 Qa5 16. exd5 Nxd5 17. h5 Nf6 18. hxg6 Nh7 19. Qxh7# 1-0

[Event "Club Championship 2022 Swiss"]
[Site "Wellington Chess Club"]
[Date "2022.09.29"]
[Round "1.10"]
[White "Wang, Timothy"]
[Black "Brockway, Andrew"]
[Result "0-1"]
[WhiteElo "1500"]
[BlackElo "1684"]

1. d4 d5 2. c4 e6 3. Nc3 c6 4. Nf3 Nf6 5. Bf4 Bd6 6. Be5 dxc4 7. e4 Bb4 8. Bxc4
Nbd7 9. O-O Nxe5 10. Nxe5 Bxc3 11. bxc3 Nxe4 12. Qf3 Nf6 13. Rad1 O-O 14. Bb3
Qc7 15. Rfe1 c5 16. d5 exd5 17. Bxd5 Nxd5 18. Qxd5 Be6 19. Qd2 Rad8 20. Nd3 c4
21. Qc2 cxd3 22. Rxd3 Bf5 23. Red1 Rxd3 24. Rxd3 Bxd3 25. Qxd3 Rd8 26. Qe2 Qd7
27. h3 Qd1+ 28. Qxd1 Rxd1+ 29. Kh2 Rd2 30. a4 Rxf2 0-1

[Event "Club Championship 2022 Swiss"]
[Site "Wellington Chess Club"]
[Date "2022.09.29"]
[Round "1.11"]
[White "McConnell, Jack"]
[Black "Scott, Callum"]
[Result "1-0"]
[WhiteElo "1410"]
[BlackElo "1652"]

1. d4 Nf6 2. Nc3 g6 3. e4 d6 4. Bg5 Bg7 5. Qd2 Nbd7 6. Bh6 O-O 7. Bxg7 Kxg7 8.
f3 c5 9. d5 a6 10. a4 Rb8 11. h4 Ne5 12. Be2 Nh5 13. g4 Ng3 14. Rh2 Qb6 15. h5
c4 16. O-O-O Rh8 17. Qf4 Nxe2+ 18. Ngxe2 f6 19. hxg6 h6 20. Nd4 Nxg6 21. Qe3
Qd8 22. Rdh1 Qg8 23. Nf5+ Bxf5 24. gxf5 Kf8 25. fxg6 Ke8 26. Rxh6 Rxh6 27. Qxh6
Kd7 28. g7 Re8 29. Qh8 Qf7 30. Qxe8+ Qxe8 31. Rh8 1-0

[Event "Club Championship 2022 Swiss"]
[Site "Wellington Chess Club"]
[Date "2022.09.29"]
[Round "1.12"]
[White "Lawrence, Hugo"]
[Black "Hupert, Leo"]
[Result "1-0"]
[WhiteElo "1629"]
[BlackElo "1385"]

1. e4 e5 2. Nf3 Nc6 3. Bc4 h6 4. d4 Qf6 5. O-O Nxd4 6. Nxd4 exd4 7. e5 Qb6 8.
Qf3 Qg6 9. h4 f6 10. Bd3 Qf7 11. Qg3 d6 12. Bg6 dxe5 13. Bxf7+ Kxf7 14. Qb3+
Ke7 15. f4 Ke8 16. fxe5 fxe5 17. Qf7+ Kd8 18. Qxf8+ Kd7 19. Qxg7+ 1-0

[Event "Club Championship 2022 Swiss"]
[Site "Wellington Chess Club"]
[Date "2022.09.29"]
[Round "1.13"]
[White "Mavaram, Eashan"]
[Black "Farrington, Lawrence"]
[Result "0-1"]
[WhiteElo "1349"]
[BlackElo "1600"]

1. e4 e6 2. d4 d5 3. e5 c5 4. c3 Nc6 5. Nf3 Qc7 6. g3 b6 7. Bg2 Ba6 8. Bf1 Bxf1
9. Kxf1 Nge7 10. Kg2 cxd4 11. cxd4 Na5 12. Be3 Rc8 13. Nc3 Qd7 14. Re1 Nf5 15.
Rb1 Nc4 16. Qa4 Qxa4 17. Nxa4 Be7 18. b3 Ncxe3+ 19. fxe3 O-O 20. Nb2 Rc2+ 21.
Kg1 Rfc8 22. a4 Bb4 23. Red1 Nxe3 24. Rd3 Rc1+ 25. Kf2 Ng4+ 26. Kg2 Rxb1 27.
Nd1 Rxd1 28. Rxd1 Ne3+ 29. Kf2 Nxd1+ 30. Ke2 Nc3+ 31. Kd3 Ne4 32. Ke3 Rc3+ 33.
Kf4 Rxb3 34. h4 Nc3 35. g4 Nxa4 36. g5 Nc3 37. h5 Ne2+ 38. Kg4 a5 39. Nh2 Nxd4
40. Nf1 a4 41. Nh2 a3 42. Nf1 a2 43. Nh2 a1=Q 44. g6 Qg1+ 45. Kf4 Bd2# 0-1

[Event "Club Championship 2022 Swiss"]
[Site "Wellington Chess Club"]
[Date "2022.09.29"]
[Round "1.14"]
[White "Darr, Samuel"]
[Black "Qu, Lucas"]
[Result "0-1"]
[WhiteElo "1546"]
[BlackElo "1271"]

1. e4 e5 2. Nf3 Nc6 3. Bc4 Bc5 4. Nc3 Nf6 5. d3 Na5 6. Nxe5 Nxc4 7. Nxc4 d5 8.
exd5 Nxd5 9. Nxd5 Qxd5 10. Qe2+ Be6 11. O-O O-O 12. Be3 Rfe8 13. Rfe1 Bd7 14.
Qd2 Bc6 15. f3 Rad8 16. b3 b5 17. Bxc5 Qxc5+ 18. Ne3 f5 19. Qf2 f4 20. Ng4 Qc3
21. Qf1 h5 22. Nf2 Re3 23. Rec1 Qc5 24. Kh1 Rde8 25. Nh3 Qe5 26. c4 a6 27. Rd1
Qd4 28. Nf2 g5 29. Re1 Qe5 30. Red1 Qb2 31. Rdb1 Qe5 32. Rd1 Qd4 33. Ne4 Qg7
34. cxb5 Bxb5 35. a4 Bc6 36. Rac1 Bxe4 37. dxe4 g4 38. fxg4 Qxg4 39. Rxc7 R8xe4
40. Rd8+ Re8 41. Qc4+ Kh8 42. Qd4+ Kg8 43. Qxe3 $2 Rxd8 44. h3 $4 fxe3 45. hxg4
e2 46. Re7 Rd1+ 47. Kh2 e1=Q 48. Rxe1 Rxe1 49. gxh5 Rb1 50. Kg3 Rxb3+ 51. Kf4
Rb4+ 52. Ke5 Rxa4 53. Kd6 Rh4 54. Kc5 a5 55. g3 Rg4 56. Kb5 a4 0-1

[Event "Club Championship 2022 Swiss"]
[Site "Wellington Chess Club"]
[Date "2022.09.29"]
[Round "1.15"]
[White "Hooper, John"]
[Black "Carlyle, Mathieson"]
[Result "0-1"]
[WhiteElo "1247"]
[BlackElo "1532"]

1. e4 e6 2. d4 d5 3. e5 c5 4. c3 Nc6 5. Bb5 Bd7 6. Bxc6 Bxc6 7. Nf3 Bb5 8. a3
f6 9. b4 cxb4 10. cxb4 Qc7 11. Bd2 O-O-O 12. a4 Be8 13. O-O Bh5 14. Na3 Kb8 15.
Rc1 Qf7 16. Re1 Ne7 17. Qb3 Nf5 18. Nc2 Be7 19. Bf4 Ka8 20. b5 g5 21. Bd2 g4
22. exf6 gxf3 23. fxe7 Qxe7 24. g3 Rhg8 25. Bf4 Qh4 26. Kh1 Qh3 27. Rg1 Nd6 28.
Ne1 Ne4 29. Rc2 Rc8 30. Rb2 Nc3 31. Rc2 Ne2 32. Rxc8+ Rxc8 33. Nxf3 Bxf3+ 34.
Qxf3 Nxg1 35. Kxg1 Qf5 36. Kg2 Rc4 37. Qd1 Qe4+ 38. f3 Qxd4 39. Qe1 Rc2+ 40.
Kh3 Qf2 41. Qxe6 Qf1+ 42. Kg4 Qc4 43. Qg8+ Qc8+ 44. Qxc8+ Rxc8 45. Be5 Rc4+ 46.
f4 Rxa4 47. Kg5 d4 48. f5 d3 49. Bc3 Rc4 50. Bd2 Rc2 51. Bf4 d2 52. Bxd2 Rxd2
53. Kf6 a5 54. bxa6 b5 55. Kg7 Rd7+ 56. Kg8 b4 57. f6 b3 58. f7 Rxf7 59. Kxf7
b2 60. Kg7 b1=Q 0-1

[Event "Club Championship 2022 Swiss"]
[Site "Wellington Chess Club"]
[Date "2022.09.29"]
[Round "1.16"]
[White "Shepherd, Blake"]
[Black "Ulm, Eric"]
[Result "1-0"]
[WhiteElo "1497"]
[BlackElo "1500"]

1. d4 e6 2. c4 Bb4+ 3. Nd2 Nf6 4. g3 d5 5. Nf3 Nbd7 6. Bg2 O-O 7. O-O Nb6 8.
Qc2 Bxd2 9. Nxd2 Nxc4 10. Nxc4 dxc4 11. Qxc4 c6 12. Bg5 h6 13. Bf4 Nd5 14. e4
Nxf4 15. gxf4 Qf6 16. e5 Qxf4 17. Rad1 Qg5 18. Kh1 Bd7 19. f4 Qe7 20. Rg1 Rad8
21. Qb3 b6 22. Qg3 g6 23. h4 Kh7 24. Be4 Rg8 25. h5 f5 26. exf6 Qxf6 27. Rd2
Rg7 28. hxg6+ Kg8 29. Rh2 Qxd4 30. Qg2 Qf6 31. Rxh6 Be8 32. Qh3 Kf8 33. Rh8+
Ke7 34. Rh7 Kd6 35. Qh6 Rdd7 36. Rd1+ Kc7 37. Rxd7+ Rxd7 38. Rxd7+ Bxd7 39. Qh7
Qxf4 40. g7 Qc1+ 41. Kg2 Qg5+ 42. Kf3 Qf6+ 43. Bf5 Qxb2 44. g8=Q Qc3+ 45. Bd3
Qf6+ 46. Ke4 1-0